000 00841nam a22003015i 4500
999 _c6984
_d6984
001 17854216
003 OSt
005 20210601153821.0
008 130815s2013 inu 000 0 eng
010 _a 2013948022
020 _a978190589078
040 _aDLC
_beng
_erda
_cDDc
042 _apcc
082 _a571.6BOA 2002
100 _aBlankson,Samuel;
_914339
245 0 0 _aSearch engine optimization .
_bHow to optimize your web site for internet search engines
263 _a1310
264 1 _aUK
_bBlankson Enterprises.
_c2002
300 _axi,225p;
336 _atext
_2rdacontent
337 _aunmediated
_2rdamedia
338 _avolume
_2rdacarrier
504 _aincludes index.
650 _aComputing.
_9122
906 _a0
_bibc
_corignew
_d2
_eepcn
_f20
_gy-gencatlg
942 _2ddc
_cN_PAPAER